000 01209nam a2200277 i 4500
001 11057
003 ES-MaACL
005 20240221153505.0
007 t|
008 921015m1990 sp ||||0| spa d
016 7 _zCEN920076943
020 _a84-302-88-012-1
040 _aCEN
_bspa
_cCEN
080 _a860 Valle-Inclán, Ramón del 1.06(063)
111 2 _aSimposio Internacional sobre Valle-Inclán (
_d1986.
_cMadrid)
_91084
245 1 0 _aBusca y rebusca de Valle-Inclán
_b: quimera, cántico : ponencias, comunicaciones y debates del Simposio Internacional sobre Valle-Inclán, mayo 1986 /
_cdirector del Simposio y edición, Juan Antonio Hormigón.
260 _a[Madrid] :
_bInstituto Nacional de las Artes Escénicas y de la Música,
_cD.L. 1990.
300 _a2 v. (405, 291) ;
_c24 cm.
500 _aEn la port. : Valle-Inclán y su tiempo hoy.
600 1 4 _aValle-Inclán, Ramón del,
_d1866-1936-
_vCongresos y asambleas
_9112799
700 1 _aHormigón, Juan Antonio.
_964204
710 2 _aInstituto Nacional de las Artes Escénicas y de la Música (España)
_95175
740 0 _aValle-Inclán y su tiempo hoy.
852 _aES-MaACL
_jL-18431-32
_bR.123429
999 _c11057
_d11057